|
|
|
|
| LEADER |
01332nam a2200385 4500 |
| 001 |
000023964 |
| 003 |
20417 |
| 005 |
20160525100535.0 |
| 008 |
160525s2008 engsd |
| 020 |
|
|
|a 0073404187 (alk. paper)
|a 9780073404189 (alk. paper)
|
| 041 |
0 |
|
|a eng
|
| 082 |
0 |
4 |
|a 301
|b SC-L
|
| 100 |
1 |
|
|a Schneider, Linda.
|
| 245 |
1 |
0 |
|a Global sociology
|b introducing five contemporary societies
|c Linda Schneider Arnold Silverman.
|
| 250 |
|
|
|a 5th ed.
|
| 260 |
|
|
|a New York, NY
|b McGraw-Hill Companies
|c 2008
|
| 300 |
|
|
|a xxii, 320 p.
|b ill.
|c 23 cm.
|e + 1 CD-ROM
|
| 504 |
|
|
|a Includes bibliographical references and index.
|
| 520 |
|
|
|c Provided by publisher.
|
| 650 |
|
0 |
|a Sociology
|
| 650 |
|
0 |
|a Sociology
|v Cross-cultural studies
|
| 653 |
|
|
|a Sociology
|
| 653 |
|
|
|a Xã hội học
|
| 700 |
1 |
|
|a Silverman, Arnold R.
|d 1940-
|d 1950-
|
| 700 |
1 |
|
|d 1950-
|d 1963-
|
| OWN |
|
|
|a LSP
|
| AVA |
|
|
|a UDN50
|b LSP
|d 301 SC-L
|e available
|t Error 5001 Not defined in file expand_doc_bib_avail.
|f 1
|g 0
|h N
|i 0
|k 1
|
| 999 |
|
|
|a From the UDN01
|
| AVA |
|
|
|a UDN50
|b LSP
|d 301 SC-L
|e available
|t Error 5001 Not defined in file expand_doc_bib_avail.
|f 1
|g 0
|h N
|i 0
|k 1
|
| TYP |
|
|
|a Monograph
|
| TYP |
|
|
|a Printed language
|
| 980 |
|
|
|a Mạng thư viện Đại học Đà Nẵng
|